000 01134cac a2200301 a 4500
003 Co-PeBPM
005 20250725194556.0
008 231129e2008||||ck adk||||||||||| ||spa||
020 _a9789589804827
040 _aCo-PeBPM
_bspa
_cCo-PeBPM
_erda
041 _aspa
082 0 4 _a510.7 R741m
_222
100 1 0 _aRojas Duque, Luz Marí­a
_eautor
245 1 0 _aMatemáticas básicas para la salud departamento de Ciencias Básicas
_c/ Luz María Rojas Duque, José Gerardo Cardona Toro
250 _aSegunda Edición
260 _aDosquebradas, Colombia
_b: Fundación Universitaria del área andina
_c, 2008
300 _a175 páginas
_c; 24 centímetros
500 _aIncluye índice.
504 _aIncluye bibliografía.
650 1 4 _aMatemáticas en ciencias de la salud
_2LEMB
650 1 4 _aTeoría de conjuntos
_2LEMB
650 1 4 _aMapas conceptuales
_2LEMB
650 1 4 _aPotenciación y radicación de números reales
_2LEMB
650 1 4 _aFunciones
_2LEMB
700 _aCardona Toro, José Gerardo
_eCoautor
942 _2ddc
_cBK
999 _c20768
_d20768